The training of foreman conference leaders; (Record no. 20901)
[ view plain ]
| 000 -LEADER | |
|---|---|
| fixed length control field | 00832cam a22002171 4500 |
| 001 - CONTROL NUMBER | |
| control field | e 28000053 |
| 003 - CONTROL NUMBER IDENTIFIER | |
| control field | DLC |
| 005 - DATE AND TIME OF LATEST TRANSACTION | |
| control field | 20260227111218.0 |
| 008 - FIXED-LENGTH DATA ELEMENTS--GENERAL INFORMATION | |
| fixed length control field | 830608s1928 dcud 000 0 eng |
| 010 ## - LIBRARY OF CONGRESS CONTROL NUMBER | |
| LC control number | e 28000053 |
| 035 ## - SYSTEM CONTROL NUMBER | |
| System control number | (OCoLC)29093506 |
| 040 ## - CATALOGING SOURCE | |
| Original cataloging agency | DLC |
| Transcribing agency | MnU |
| Modifying agency | DLC |
| 042 ## - AUTHENTICATION CODE | |
| Authentication code | premarc |
| 050 00 - LIBRARY OF CONGRESS CALL NUMBER | |
| Classification number | LC1045 |
| Item number | .A25 no. 125 |
| 110 1# - MAIN ENTRY--CORPORATE NAME | |
| Corporate name or jurisdiction name as entry element | United States. |
| Subordinate unit | Federal Board for Vocational Education. |
| 245 04 - TITLE STATEMENT | |
| Title | The training of foreman conference leaders; |
| 260 ## - PUBLICATION, DISTRIBUTION, ETC. | |
| Place of publication, distribution, etc. | Washington, D.C., |
| Name of publisher, distributor, etc. | Federal board for vocational education, |
| Date of publication, distribution, etc. | 1928. |
| 300 ## - PHYSICAL DESCRIPTION | |
| Extent | ix, 120 p. |
| Other physical details | charts. |
| Dimensions | 23 cm. |
| 501 ## - WITH NOTE | |
| With note | With : A study of the professional training of teachers of vocational agriculture / Edwin Lee Holton. Washington : Govt. Print. Off., 1927. Bound together subsequent to publication. |
| Institution to which field applies | DLC |
| 650 #0 - SUBJECT ADDED ENTRY--TOPICAL TERM | |
| Topical term or geographic name entry element | Supervisors, Industrial. |
No items available.